Transformación de los sistemas políticos en América Latina: seminario de Villa de Leyva, Noviembre 1995

Guardat en:
Dades bibliogràfiques
Autors principals: Hofmeister, Wilhelm (Autor), Thesing, Josef (Autor)
Format: Llibre
Idioma:espanyol
Publicat: Buenos Aires CIEDLA 1995
Edició:1a. ed
Matèries:
Etiquetes: Afegir etiqueta
Sense etiquetes, Sigues el primer a etiquetar aquest registre!

MARC

LEADER 00000cam a2200000 a 4500
001 UCC2658
003 CL-VaPUC
008 180316e19950000ag |||||||||||||||||spa|d
020 |a 950943146X 
082 0 4 |a 324.9  |b HOF  |2 21 
100 |a Hofmeister, Wilhelm  |e author  |9 600604 
700 0 |a Thesing, Josef  |e author  |9 596680 
245 1 0 |a Transformación de los sistemas políticos en América Latina: seminario de Villa de Leyva, Noviembre 1995 
250 |a 1a. ed 
300 |a 459 p 
942 |c BK 
945 |d 20180316 12:27:00  |a dcastane 
260 |a Buenos Aires  |b CIEDLA  |c 1995 
650 7 |a SISTEMAS POLITICOS  |2 CL-VaPUC  |9 596681 
650 7 |a POLITICA LATINOAMERICANA  |2 CL-VaPUC  |9 534099 
583 |a last modification  |c 20180316 12:27:00  |k Rodrigo Vera 
999 |c 370671  |d 370669 
952 |0 0  |1 0  |3 erb  |4 0  |6 324_900000000000000_HOF_1995  |7 0  |8 A  |9 487247  |a BIBHIS  |b BIBHIS  |i 5456436  |l 1  |o 324.9 HOF 1995  |p 5456436  |r 2025-04-21  |s 2025-04-16  |w 2019-11-24  |y BK  |z Catalogado en:20180316  |k HIS